[Event "IECC CL6-2011.01 email"]
[Site "IECC email"]
[Date "2011.02.15"]
[Round "?"]
[White "Richard, Andy"]
[Black "Atteri, Rajasekhar"]
[Result "1-0"]
[WhiteElo "1341"]
[BlackElo "1229"]
[PlyCount "37"]
[EventDate "2011.??.??"]
[EventType "tourn (corr)"]
[EventRounds "4"]
[SourceTitle "Telechess CBM 145"]
[Source "Chessbase"]
[SourceDate "2011.11.11"]
[SourceVersion "1"]
[SourceVersionDate "2011.11.11"]
[SourceQuality "1"]
[WhiteTeam "Canada"]
[BlackTeam "India"]
[WhiteTeamCountry "CAN"]
[BlackTeamCountry "IND"]

1. d4 Nf6 2. Bg5 e6 3. e4 h6 4. Bxf6 Qxf6 5. c3 d6 6. Bd3 Qg5 7. Nf3 Qxg2 8. Rg1 Qh3 9. Nbd2 Nc6 10. Rg3 Qh5 11. Qb3 a6 12. 0-0-0 Qa5 13. Nc4 Qh5 14. Kb1 Na5 15. Qa4+ Nc6 16. Qc2 Bd7 17. Be2 Rg8 18. Rh1 Be7 19. h4 1-0

[Event "IECC CL7-2010.04 email"]
[Site "IECC email"]
[Date "2010.06.29"]
[Round "?"]
[White "Atteri, Rajasekhar"]
[Black "Bearce, Harold L"]
[Result "1-0"]
[WhiteElo "1190"]
[BlackElo "1120"]
[PlyCount "51"]
[EventDate "2010.??.??"]
[EventType "tourn (corr)"]
[EventRounds "4"]
[SourceTitle "Corr 2013"]
[Source "ChessBase"]
[SourceDate "2012.11.12"]
[SourceVersion "1"]
[SourceVersionDate "2012.11.12"]
[SourceQuality "1"]
[WhiteTeam "England"]
[BlackTeam "Canada"]
[WhiteTeamCountry "ENG"]
[BlackTeamCountry "CAN"]

1. e4 e5 2. Nf3 Nc6 3. Bb5 a6 4. Bxc6 dxc6 5. 0-0 Bd6 6. d4 Bg4 7. dxe5 Bxf3 8. Qxf3 Bxe5 9. Nd2 Nf6 10. Nc4 Qe7 11. Nxe5 Qxe5 12. Qf4 Qxf4 13. Bxf4 0-0-0 14. f3 h6 15. Rad1 Rxd1 16. Rxd1 Nd7 17. Be3 g6 18. Kf2 h5 19. f4 Re8 20. e5 f6 21. exf6 Nxf6 22. h3 Rd8 23. Rxd8+ Kxd8 24. Kf3 b6 25. g4 c5 26. Kg3 1-0

[Event "IECC CL6-2009.30 email"]
[Site "IECC email"]
[Date "2009.12.31"]
[Round "?"]
[White "Hurley, Karen Jean"]
[Black "Atteri, Rajasekhar"]
[Result "1/2-1/2"]
[WhiteElo "1381"]
[BlackElo "1155"]
[PlyCount "46"]
[EventDate "2009.??.??"]
[EventType "tourn (corr)"]
[EventRounds "4"]
[SourceTitle "Corr 2013"]
[Source "ChessBase"]
[SourceDate "2012.11.12"]
[SourceVersion "1"]
[SourceVersionDate "2012.11.12"]
[SourceQuality "1"]
[WhiteTeam "Italy"]
[BlackTeam "Germany"]
[WhiteTeamCountry "ITA"]
[BlackTeamCountry "GER"]

1. e4 Nf6 2. e5 Nd5 3. d4 d6 4. Nf3 g6 5. Bc4 Nb6 6. Bb3 Nc6 7. exd6 cxd6 8. d5 Ne5 9. Nxe5 dxe5 10. Nc3 Bg7 11. 0-0 0-0 12. Re1 Bd7 13. f3 Rc8 14. Be3 a6 15. Qc1 Re8 16. Bh6 Bh8 17. Ne4 Ba4 18. Rd1 Bxb3 19. axb3 Nxd5 20. c4 e6 21. Qb1 Qb6+ 22. Kh1 Ne3 23. Bxe3 Qxe3 1/2-1/2

[Event "IECC CL7-2008.07 email"]
[Site "IECC email"]
[Date "2008.11.29"]
[Round "?"]
[White "Todisco, Giovanni"]
[Black "Atteri, Rajasekhar"]
[Result "0-1"]
[WhiteElo "1085"]
[BlackElo "1110"]
[PlyCount "68"]
[EventDate "2008.??.??"]
[EventType "tourn (corr)"]
[EventRounds "4"]
[SourceTitle "Corr 2013"]
[Source "ChessBase"]
[SourceDate "2012.11.12"]
[SourceVersion "1"]
[SourceVersionDate "2012.11.12"]
[SourceQuality "1"]
[WhiteTeam "Italy"]
[BlackTeam "India"]
[WhiteTeamCountry "ITA"]
[BlackTeamCountry "IND"]

1. e4 Nf6 2. f3 e6 3. e5 Nd5 4. d3 Nc6 5. f4 Bc5 6. c3 Ne3 7. Qe2 Nf5 8. g4 Nh4 9. d4 Be7 10. b4 b5 11. Qxb5 Rb8 12. Qe2 Bb7 13. b5 Nxd4 14. cxd4 Bxh1 15. a4 c6 16. Nh3 Nf3+ 17. Kd1 Nxd4 18. Qd2 Nb3 19. Qc3 Nxa1 20. Qxa1 0-0 21. Be3 Qa5 22. Nc3 Bb4 23. Bd2 Bf3+ 24. Ke1 Bxg4 25. Qc1 Bxc3 26. Bxc3 Qxa4 27. Qe3 cxb5 28. Qg3 b4 29. Bxb4 Qxb4+ 30. Kf2 Bxh3 31. Qxh3 Qxf4+ 32. Kg1 Rb1 33. Qd3 Rfb8 34. Qxd7 Qxf1# 0-1

[Event "IECC P-4367"]
[Site "IECC email"]
[Date "2007.09.16"]
[Round "?"]
[White "Atteri, Rajasekhar"]
[Black "Hodges, Peter F"]
[Result "1-0"]
[WhiteElo "1067"]
[BlackElo "1166"]
[PlyCount "35"]
[EventDate "2007.??.??"]
[EventType "tourn (corr)"]
[EventRounds "1"]
[SourceTitle "Corr 2011"]
[Source "ChessBase"]
[SourceDate "2010.08.31"]
[SourceVersion "1"]
[SourceVersionDate "2010.08.31"]
[SourceQuality "1"]
[WhiteTeam "US of America"]
[BlackTeam "South Africa"]
[WhiteTeamCountry "USA"]
[BlackTeamCountry "RSA"]

1. e4 c5 2. Nf3 d6 3. d4 cxd4 4. Nxd4 Nf6 5. Nc3 g6 6. Bc4 Bg7 7. 0-0 0-0 8. h3 Nc6 9. Nf3 Nd7 10. a3 Bxc3 11. bxc3 Nde5 12. Ba2 Nxf3+ 13. Qxf3 Ne5 14. Qg3 Qc7 15. f4 Nc4 16. f5 Qb6+ 17. Kh2 Qb2 18. Bxb2 1-0

[Event "IECG QF.2006.0.00075"]
[Site "IECG email"]
[Date "2006.02.24"]
[Round "?"]
[White "Taylor, Doug"]
[Black "Atteri, Rajasekhar"]
[Result "0-1"]
[WhiteElo "1000"]
[BlackElo "900"]
[PlyCount "58"]
[EventDate "2006.02.24"]
[EventType "tourn (corr)"]
[EventRounds "6"]
[SourceTitle "Corr 2008"]
[Source "ChessBase"]
[SourceDate "2008.06.24"]
[SourceVersion "1"]
[SourceVersionDate "2008.06.24"]
[SourceQuality "1"]

1. e4 c5 2. Nf3 g6 3. d4 cxd4 4. Qxd4 Nf6 5. Nc3 Nc6 6. Qd1 d6 7. Bb5 a6 8. Bxc6+ bxc6 9. 0-0 Bg7 10. Bg5 0-0 11. e5 dxe5 12. Nxe5 Qc7 13. Re1 Bb7 14. h4 Rad8 15. Qe2 Nd5 16. f4 h6 17. Nxd5 cxd5 18. Nxg6 fxg6 19. Bxe7 Rde8 20. Qd3 Rxe7 21. Qxg6 Rxe1+ 22. Rxe1 Qxf4 23. Rf1 Qxf1+ 24. Kh2 d4 25. Qg3 Kh8 26. Kh3 Rg8 27. h5 Bf6 28. Qh2 Bxg2+ 29. Qxg2 Qxg2# 0-1

[Event "IECC KO-1057"]
[Site "IECC email"]
[Date "2006.02.03"]
[Round "?"]
[White "Atteri, Rajasekhar"]
[Black "Agnew, George"]
[Result "0-1"]
[WhiteElo "1067"]
[BlackElo "1050"]
[PlyCount "90"]
[EventDate "2006.??.??"]
[EventType "match (corr)"]
[EventRounds "2"]
[SourceTitle "Corr 2020"]
[Source "ChessBase"]
[SourceDate "2019.09.30"]
[SourceVersion "1"]
[SourceVersionDate "2019.09.30"]
[SourceQuality "1"]
[WhiteTeam "United States"]
[BlackTeam "United States"]
[WhiteTeamCountry "USA"]
[BlackTeamCountry "USA"]

1. e4 e5 2. Nf3 Nc6 3. Bb5 Nge7 4. a4 a6 5. Bc4 d6 6. 0-0 g6 7. Ng5 d5 8. exd5 Nxd5 9. Qf3 Qxg5 10. Bxd5 Nd4 11. Qxf7+ Kd8 12. d3 Ne2+ 13. Kh1 Nxc1 14. Nc3 Nxd3 15. cxd3 Bf5 16. Bxb7 Ra7 17. Qd5+ Bd6 18. Ne4 Bxe4 19. dxe4 Qe7 20. Bc6 Kc8 21. Rac1 Rd8 22. Qb3 Bc5 23. Bd5 Kd7 24. f4 c6 25. Bc4 Ke8 26. fxe5 Qxe5 27. Bf7+ Kd7 28. Qh3+ Kc7 29. Qxh7 Kb6 30. Qh3 Qxe4 31. Qb3+ Bb4 32. Bxg6 Qe7 33. Rf7 Qd6 34. Rxa7 Kxa7 35. Bh5 c5 36. g3 Qh6 37. Rd1 Rxd1+ 38. Qxd1 Kb6 39. b3 Qc6+ 40. Bf3 Qc7 41. Qd5 Bc3 42. Qe6+ Ka5 43. Be2 Qb7+ 44. Kg1 Bd4+ 45. Kf1 Qh1# 0-1

[Event "IECC CL8-2005.08 email"]
[Site "IECC email"]
[Date "2005.12.16"]
[Round "?"]
[White "Atteri, Rajasekhar"]
[Black "Johnson, Aaron"]
[Result "1-0"]
[WhiteElo "1014"]
[BlackElo "833"]
[PlyCount "65"]
[EventDate "2005.??.??"]
[EventType "tourn (corr)"]
[EventRounds "4"]
[SourceTitle "Corr 2008"]
[Source "ChessBase"]
[SourceDate "2008.06.24"]
[SourceVersion "1"]
[SourceVersionDate "2008.06.24"]
[SourceQuality "1"]

1. e4 e5 2. Nf3 Nc6 3. Bb5 d5 4. Nxe5 Bd7 5. Nxd7 Qxd7 6. Bxc6 Qxc6 7. exd5 Qxd5 8. 0-0 0-0-0 9. d3 Bd6 10. Nc3 Qe5 11. g3 h5 12. Bf4 Qf5 13. Bxd6 Rxd6 14. Qe2 Re6 15. Ne4 Nf6 16. f3 Rhe8 17. Qf2 g5 18. Qxa7 Ra6 19. Qf2 Rae6 20. Rae1 g4 21. Nxf6 Qxf6 22. Rxe6 Rxe6 23. b3 gxf3 24. Qxf3 Qxf3 25. Rxf3 Re1+ 26. Kg2 Rc1 27. Rf2 b5 28. c4 b4 29. d4 Kb7 30. Rxf7 Rc2+ 31. Rf2 Rc3 32. d5 Re3 33. Kh3 1-0

[Event "IECC M-5377"]
[Site "IECC email"]
[Date "2005.12.04"]
[Round "?"]
[White "Johnson, Aaron"]
[Black "Atteri, Rajasekhar"]
[Result "0-1"]
[WhiteElo "837"]
[BlackElo "1045"]
[PlyCount "84"]
[EventDate "2005.??.??"]
[EventType "tourn (corr)"]
[EventRounds "10"]
[SourceTitle "Corr 2020"]
[Source "ChessBase"]
[SourceDate "2019.09.30"]
[SourceVersion "1"]
[SourceVersionDate "2019.09.30"]
[SourceQuality "1"]
[WhiteTeam "United States"]
[BlackTeam "United States"]
[WhiteTeamCountry "USA"]
[BlackTeamCountry "USA"]

1. e4 c5 2. d4 cxd4 3. Qxd4 Nc6 4. Qe3 Nf6 5. Nc3 d6 6. Nf3 g6 7. Bc4 Bg7 8. Ng5 Ne5 9. f4 Nxc4 10. Qd4 Qc7 11. Nd5 Qc6 12. Be3 Nxe3 13. Qxe3 Nxd5 14. exd5 Qxd5 15. Rd1 Qc5 16. Qxc5 dxc5 17. 0-0 0-0 18. Rfe1 e6 19. c3 b6 20. b4 Bxc3 21. Re4 Bb7 22. Rc4 Bxb4 23. Rd7 Bd5 24. Rc1 Rfd8 25. Rxf7 h6 26. Rf6 hxg5 27. Rxg6+ Kf7 28. Rxg5 Rg8 29. Rf1 Rxg5 30. fxg5+ Ke7 31. h4 Bd2 32. g6 Rg8 33. Rf7+ Ke8 34. h5 c4 35. Kf2 c3 36. Ke2 Bxa2 37. Rxa7 Bc4+ 38. Kd1 Kf8 39. g7+ Ke8 40. Ra8+ Kf7 41. Ra7+ Kf6 42. g4 Rxg7 0-1

[Event "IECG TG.2005.0.15508"]
[Site "IECG email"]
[Date "2005.10.23"]
[Round "1"]
[White "Atteri, Rajasekhar"]
[Black "Woodhouse, Gary"]
[Result "1-0"]
[WhiteElo "900"]
[BlackElo "874"]
[PlyCount "59"]
[EventDate "2005.10.23"]
[EventType "match (corr)"]
[EventRounds "2"]
[SourceTitle "Corr 2008"]
[Source "ChessBase"]
[SourceDate "2008.06.24"]
[SourceVersion "1"]
[SourceVersionDate "2008.06.24"]
[SourceQuality "1"]

1. e4 e5 2. Nf3 d6 3. d4 Nc6 4. Bb5 Nf6 5. dxe5 dxe5 6. Qxd8+ Kxd8 7. Bxc6 bxc6 8. Nxe5 Ke8 9. f3 Nd7 10. Nxc6 f6 11. Be3 Ne5 12. Nxe5 fxe5 13. Kf2 a5 14. Nc3 Rb8 15. b3 g6 16. Nd5 Be6 17. Nxc7+ Kd7 18. Nxe6 Kxe6 19. Rhd1 Bb4 20. Rd5 Rhd8 21. c4 Rxd5 22. exd5+ Kd7 23. Ke2 h5 24. Bd2 h4 25. Bxb4 axb4 26. c5 Rb5 27. Rc1 Ra5 28. Rc2 g5 29. Ke3 Ra3 30. Ke4 1-0